[Event "20th Dubai Open 2018"]
[Site "Dubai"]
[Date "2018.04.07"]
[Round "6"]
[White "Debashis, Das"]
[Black "Urazayev, Arystanbek"]
[Result "1-0"]
[WhiteElo "2518"]
[BlackElo "2331"]
[Annotator "TA"]
[PlyCount "149"]
[EventDate "2018.??.??"]
[EventType "swiss"]
[EventCountry "UAE"]
[SourceTitle "playchess.com"]
[Source "ChessBase"]
[SourceQuality "1"]

{[%evp 18,149,42,37,49,45,56,43,55,45,27,8,4,6,14,11,23,6,26,21,30,10,50,65,127,129,164,138,130,125,222,169,190,89,106,49,38,35,73,77,91,87,95,107,92,94,92,87,93,63,140,133,131,133,140,133,125,146,146,127,136,138,116,62,59,0,0,0,0,0,0,0,0,0,0,0,0,0,0,0,0,0,0,0,0,0,0,0,0,0,12,18,18,18,24,24,33,39,104,113,101,62,63,55,59,29,64,63,64,65,72,85,114,124,123,114,131,29,29974,29976,29976,12848,29975,29976,29977,29978,29974,29959,29989,29990,29990,29991,29996,29997]} 1. d4 Nf6 2. c4 g6 3. Nf3 Bg7 4. Nc3 O-O 5. e4 d6 6. Be2 e5 7. O-O Nc6 8. d5 Ne7 9. Bd2 Ne8 10. Rc1 h6 {E97: King's Indian: Classical Main Line (6...e5 7 0-0 Nc6): 8 Be3 and 8 d5 Ne7, not 9 Ne1} (10... f5 11. exf5 gxf5 12. Ng5 c6 13. Qb3 Nc7 14. f4 h6 15. Nh3 e4 16. Kh1 Kh7 17. Be3 c5 18. Rcd1 {1-0 (40) Gareyev,T (2615)-Rahul,S (2277) Saint Louis 2016}) 11. Re1 $146 ({Predecessor:} 11. Ne1 f5 12. Nd3 f4 13. c5 g5 14. Bg4 Bxg4 15. Qxg4 Rf6 16. c6 bxc6 17. dxc6 Nxc6 18. Nd5 {1-0 (38) Vogt,L (2510)-Hesse,P (2440) Plauen 1980}) 11... f5 12. Bd3 f4 {White is slightly better.} 13. c5 g5 14. cxd6 cxd6 15. h3 Ng6 16. Be2 Rf7 17. a4 Bf8 18. Nh2 $36 {[%mdl 2048] White is pushing.} Nf6 19. Nb5 {[%cal Bc3b5,Bb5a3,Ba3c4][%mdl 32]} a6 20. Na3 $1 Nh4 (20... Bd7 $14) 21. Nc4 $1 $16 f3 22. Nxf3 Nxe4 23. Be3 {Hoping for Nxh4.} Rg7 (23... Nxf3+ $16 {was called for.} 24. Bxf3 Nf6) 24. Nh2 Bf5 25. Bg4 (25. Nb6 $18 Rb8 26. g3) 25... Nf6 26. g3 (26. Bb6 $16 Qe8 27. Bxf5 Nxf5 28. Qf3) 26... h5 $1 $14 27. Bxh5 Bxh3 {Threatening ...Ng2.} 28. Ng4 {Nh6+ is the strong threat.} Bxg4 29. Bxg4 Nxg4 30. Qxg4 Qc8 31. Qxc8 ({Of course not} 31. Nxe5 $6 Qxg4 32. Nxg4 Nf3+ 33. Kg2 Nxe1+ 34. Rxe1 Rc8 $11) 31... Nf3+ 32. Kf1 Rxc8 33. Red1 Rgc7 (33... Nh2+ $14 34. Kg2 Ng4) 34. Nb6 $16 Rxc1 35. Rxc1 Rxc1+ 36. Bxc1 {[%mdl 4096] Endgame KBN-KBN} Kf7 37. Ke2 $1 {[%cal Re2f3]} g4 38. Nc4 Kg6 39. Kd3 $1 Be7 40. b4 (40. Ke4 $16) 40... Nd4 $1 $14 41. Bd2 ({White should try} 41. Na5 $1 $14 b5 42. Nc6) 41... b5 $11 42. axb5 Nxb5 43. Ne3 Kh5 44. Nc4 Kg6 45. Ke4 Bd8 46. Kd3 Be7 47. Bc1 Bd8 48. Be3 Kf5 49. Bh6 Kg6 50. Bd2 (50. Bf8 {keeps more tension.} Bc7 51. Be7 Kh6 52. Ne3 Kh5 53. Ke4) 50... Be7 51. Na5 Bd8 52. Nc6 Bc7 53. Be3 Kf5 54. Ne7+ Kf6 55. Ng8+ Kg6 56. Nh6 Kh5 57. Ke4 Nc3+ (57... Nd4 $1 $14) 58. Kf5 $16 {White threatens f3 and mate.} Nxd5 {[#]} 59. Ng8 $1 Nxe3+ 60. fxe3 $14 {[%cal Bf2e3,Be3e4][%mdl 32] KB-KN} Bd8 61. Nf6+ Kh6 $1 62. Nxg4+ Kg7 $1 63. e4 $1 a5 $1 {[%cal Ra5b4]} 64. bxa5 Bxa5 65. Nf6 {aiming for Ne8+.} Kf7 66. g4 {[%cal Bg3g4,Bg4g5,Bg5g6][%mdl 32]} Bb4 {[#]} 67. g5 $1 {And now g6+ would win.} Ba3 $2 {[%mdl 8192]} (67... Ba5 $11) 68. g6+ Kf8 69. Nh7+ (69. Nd5 $142 Kg7 70. Nc7 Bb4 71. Ne8+ Kg8 72. Kf6 d5 73. exd5 e4 74. d6 Bc3+ 75. Kg5 Bd2+ 76. Kg4) 69... Kg7 70. Ng5 {White mates.} Bc1 71. Ne6+ Kg8 72. Kf6 Bb2 73. Ng7 Bc1 74. Nf5 Kh8 75. Kf7 {Precision: White = 66%, Black = 56%.} 1-0

[Event "20th Dubai Open 2018"]
[Site "Dubai"]
[Date "2018.04.07"]
[Round "6"]
[White "Gagare, Shardul"]
[Black "Kulkarni, Bhakti"]
[Result "1-0"]
[WhiteElo "2502"]
[BlackElo "2317"]
[Annotator "TA"]
[PlyCount "53"]
[EventDate "2018.??.??"]
[EventType "swiss"]
[EventCountry "UAE"]
[SourceTitle "playchess.com"]
[Source "ChessBase"]
[SourceQuality "1"]

{[%evp 15,53,18,30,0,0,0,-2,-13,-19,-27,8,4,6,15,10,4,0,0,7,0,25,30,50,63,92,96,93,100,229,232,222,222,364,364,361,358,494,387,473,446]} 1. Nf3 d5 2. c4 e6 3. d4 Nf6 4. Nc3 Be7 5. Bf4 O-O 6. a3 {D37: Queen's Gambit Declined: 5 Bf4} b6 7. Qc2 c5 8. Rd1 Nc6 {LiveBook: 3 Games} 9. dxc5 bxc5 10. e3 Qa5 {aiming for ...d4!} 11. cxd5 Nxd5 12. Bd3 $146 ({Predecessor:} 12. Ne5 Nxe5 13. Bxe5 Rd8 {½-½ (28) Topalov,V (2770)-Aronian,L (2805) Wijk aan Zee 2012}) 12... h6 13. Ne5 Nxf4 14. Nxc6 Nxd3+ 15. Qxd3 Qc7 16. Nxe7+ Qxe7 17. O-O $36 {[%mdl 2048] Black is under pressure.} a5 {Strongly threatening ...Ba6.} 18. Qd6 Qxd6 19. Rxd6 Rb8 20. Na4 Bb7 21. Nxc5 {And now Nd7 would win.} Bd5 {[#]} (21... Rfe8 $16) 22. Nd7 $1 $18 {[%csl LRb8,LRf8]} Rfd8 {[#]} 23. Rd1 $1 ({Not} 23. Nxb8 Rxd6 24. Rc1 f5 $11) 23... Rxd7 (23... Rxb2 {keeps fighting.} 24. Nf6+ gxf6 25. Rxd8+ Kh7) 24. Rxd7 Rxb2 25. Ra7 Bb3 26. Rd8+ Kh7 {( -> ...Rb1+)} 27. h3 {Precision: White = 82%, Black = 33%.} 1-0

[Event "20th Dubai Open 2018"]
[Site "Dubai"]
[Date "2018.04.07"]
[Round "6"]
[White "Deepan, Chakkravarthy J"]
[Black "Nikolova, Adriana"]
[Result "1-0"]
[WhiteElo "2499"]
[BlackElo "2308"]
[Annotator "TA"]
[PlyCount "133"]
[EventDate "2018.??.??"]
[EventType "swiss"]
[EventCountry "UAE"]
[SourceTitle "playchess.com"]
[Source "ChessBase"]
[SourceQuality "1"]

{[%evp 15,133,68,81,83,83,75,72,65,117,127,126,111,116,115,115,101,87,94,93,93,85,91,98,118,172,143,176,204,186,176,339,352,339,356,356,355,333,350,349,318,345,308,327,298,342,334,294,259,447,439,423,358,358,358,334,329,402,345,556,556,498,133,133,141,747,677,841,834,817,783,1629,1196,29962,29964,29964,29966,29967,29964,29965,29967,29966,29966,29965,29965,29974,29971,29961,1316,29972,29975,29976,29975,29982,29983,29985,29977,29977,29978,29982,29983,29983,29984,29984,29981,29981,29982,29982,29983,29983,29984,29984,29985,29985,29986,29986,29987,29987,29988,29988,29989]} 1. Nf3 d5 2. g3 Nf6 3. Bg2 Bf5 4. O-O e6 5. d3 h6 6. c4 {A07: Réti Opening: New York and Capablanca Systems} (6. Nbd2 Be7 7. b3 O-O 8. Bb2 c5 9. Re1 Nc6 10. e4 Bh7 11. Ne5 Nxe5 12. Bxe5 Rc8 13. a4 b6 14. h3 Re8 15. f4 a6 16. Qe2 b5 17. axb5 axb5 {1-0 (32) Maghsoodloo,P (2584)-Van Wely,L (2675) Bandar e Anzali 2017}) 6... Nbd7 7. Nc3 Bh7 8. cxd5 exd5 {LiveBook: 3 Games} 9. e4 dxe4 10. dxe4 Nc5 11. Nd4 {Strongly threatening e5.} Be7 (11... Bd6 $14) 12. e5 $16 Nfe4 13. Nxe4 Bxe4 14. Bxe4 Nxe4 15. Qa4+ $146 Qd7 16. Qxd7+ Kxd7 17. Rd1 Kc8 18. Be3 g6 19. Rac1 a6 (19... Nc5 $16 20. Nb5 b6) 20. h4 $18 {Black must now prevent Ne2.} b6 21. e6 fxe6 22. Nxe6 c5 $2 {[#]} (22... Bc5 23. Bxc5 (23. Nxc5 Nxc5 24. Bxc5 bxc5 $18) 23... Nxc5) 23. b4 Ra7 24. bxc5 Nxc5 25. Nxc5 Bxc5 26. Bxc5 bxc5 27. Rxc5+ {[%mdl 4096] Endgame KRR-KRR} Rc7 {[#]} 28. Rdc1 $1 Rxc5 29. Rxc5+ {KR-KR} Kd7 30. Ra5 Ra8 31. h5 g5 $2 (31... Rg8 {might work better.} 32. Rxa6 gxh5 33. Rxh6 Ra8 34. Rxh5 Ke6) 32. Kg2 Ke6 33. Kh3 Ra7 34. Kg4 Ra8 35. Ra3 a5 36. Rb3 Ra6 $2 (36... Kf7 {keeps fighting.} 37. Rb6 Kg7 38. Rb7+ Kg8) 37. Rb7 Rc6 38. Ra7 $2 (38. f3 $18 {Rh7 is the strong threat.} Ra6 39. Rg7) 38... Rc4+ $16 39. Kh3 Ra4 $2 {[%mdl 8192]} (39... g4+ $16 40. Kh4 a4 41. Ra6+ Kf5) 40. Ra6+ Kf7 41. Rxh6 g4+ 42. Kh4 Rxa2 43. Ra6 Rxf2 44. Rxa5 Kg7 45. Kxg4 Rg2 46. Ra7+ Kh6 47. Ra6+ Kh7 48. Kh4 Rb2 49. g4 Rb7 50. Ra4 Rc7 51. g5 (51. Rd4 $142 Ra7 52. g5 Ra1 53. Rd7+ Kh8 54. h6 Ra4+ 55. Kh5 Ra5 56. Rf7) 51... Rb7 52. Kg4 {White mates.} Rc7 53. h6 Rc1 54. Ra7+ Kh8 55. Kh5 Rc5 56. Re7 Ra5 57. Kg6 {[%cal Re7e8]} Ra6+ 58. Kf5 Ra1 59. Kf6 Rf1+ 60. Kg6 Rf8 61. Re5 Kg8 62. Ra5 Rb8 63. Kh5 Rb1 64. Ra8+ Kf7 65. g6+ {[%cal Bg5g6,Bg6g7][%mdl 32]} Kf6 66. Rf8+ Ke7 67. g7 {Precision: White = 81%, Black = 36%.} 1-0

[Event "20th Dubai Open 2018"]
[Site "Dubai"]
[Date "2018.04.07"]
[Round "6"]
[White "Christiansen, Johan-Sebastian"]
[Black "Hejazipour, Mitra"]
[Result "1-0"]
[WhiteElo "2498"]
[BlackElo "2304"]
[Annotator "TA"]
[PlyCount "77"]
[EventDate "2018.??.??"]
[EventType "swiss"]
[EventCountry "UAE"]
[SourceTitle "playchess.com"]
[Source "ChessBase"]
[SourceQuality "1"]

{[%evp 17,77,-5,15,-5,-10,-35,0,0,56,49,55,56,58,57,53,43,43,56,50,35,79,55,54,61,62,85,88,0,114,101,173,172,218,167,334,329,443,227,218,219,255,202,193,176,168,165,248,239,232,233,760,695,1170,1158,29982,29983,29983,29984,29986,29987,29990,29989]} 1. c4 e5 2. g3 d6 3. Nc3 f5 4. d4 Be7 5. Bg2 Nf6 6. Nf3 e4 7. Ng5 O-O 8. O-O c6 9. Nh3 Na6 {LiveBook: 73 Games} 10. Rb1 {A21: English Opening: 1...e5 2 Nc3} (10. d5 Ng4 11. f3 Qb6+ 12. Kh1 Ne5 13. b3 Bf6 14. dxc6 bxc6 15. Na4 Qc7 16. Bb2 exf3 17. exf3 Bd7 {1-0 (39) Gareyev,T (2606)-Deepan Chakkravarthy,J (2473) Mumbai 2018}) 10... Nc7 11. Qb3 $146 ({Predecessor:} 11. b4 Be6 12. c5 Nfd5 13. Nxd5 Nxd5 14. Qc2 Bf6 15. Nf4 Qe7 16. Nh3 Qd8 17. Nf4 Qe7 18. Nh3 Qd8 {½-½ (18) Gallardo Retortillo,E (2149)-Damaso,R (2371) Torres Vedras 2011}) 11... Kh8 12. d5 {The position is equal.} c5 (12... cxd5 $11 13. cxd5 b6) 13. f3 $14 exf3 14. exf3 Rb8 15. a4 b6 {[%cal Bb7b6,Bb6b5][%mdl 32]} 16. Nb5 a6 17. Nxc7 Qxc7 18. Re1 b5 19. Bf1 {[%cal Ra4b5]} Bd8 20. Nf4 {[%cal Ra4b5]} bxc4 21. Qc2 c3 22. b3 (22. bxc3 $16 Rxb1 23. Qxb1) 22... Qa7 (22... Qf7 $11 {remains equal.}) 23. Qxc3 $16 Bb6 (23... Qf7 $16 {was necessary.}) 24. Bc4 Bd7 25. Bb2 Qc7 $2 (25... Bd8 {keeps fighting.} 26. Qd2 Ne8) 26. Re7 $18 (26. Bxa6 Ba5 $16) 26... Ba5 {[#]} 27. Qe3 (27. Rxd7 $142 $1 {[%mdl 512]} Qb6 (27... Qxd7 28. Qxa5) 28. Rxd6 Bxc3 29. Rxb6 Bxb2 30. Rxa6 (30. Rxb2 Rxb6 31. Nd3 a5 $14) 30... Bd4+ 31. Kg2) 27... Qd8 28. Rd1 Rb6 29. h4 {And now Rxg7! would win.} Re8 30. Rxe8+ Qxe8 31. Qd3 Nh5 {[#]} (31... Kg8 {is a better defense.}) 32. Ne6 $1 ({Stronger than} 32. Bxa6 Nxg3 33. Bc1 Nh5 $15) 32... Qg6 33. g4 $1 Bxe6 $2 (33... Rb8 34. g5 (34. Qxf5 Qxf5 35. gxf5 Kg8 $16) 34... f4) 34. dxe6 Ng3 35. Kh2 {[%cal Bg1h2,Bh2g3,Bg3g4][%mdl 32]} d5 36. Qxd5 {White mates.} Rb8 37. Kxg3 fxg4 38. Qg5 Bc7+ 39. Kxg4 {Precision: White = 47%, Black = 32%.} 1-0

[Event "20th Dubai Open 2018"]
[Site "Dubai"]
[Date "2018.04.07"]
[Round "6"]
[White "Erigaisi, Arjun"]
[Black "Amin, Bassem"]
[Result "1/2-1/2"]
[WhiteElo "2481"]
[BlackElo "2700"]
[Annotator "TA"]
[PlyCount "45"]
[EventDate "2018.??.??"]
[EventType "swiss"]
[EventCountry "UAE"]
[SourceTitle "playchess.com"]
[Source "ChessBase"]
[SourceQuality "1"]

{[%evp 24,45,18,16,12,0,41,47,47,37,33,36,28,14,31,29,160,0,0,0,172,0,10,0]} 1. Nf3 Nf6 2. c4 g6 3. g3 Bg7 4. Bg2 O-O 5. O-O d6 6. d4 Nc6 7. Nc3 a6 8. Qd3 e5 9. dxe5 {E63: King's Indian: Fianchetto: Panno Variation with 7...a6} dxe5 10. Qxd8 Rxd8 11. Bg5 Re8 12. Rfd1 (12. Nd2 Nd4 13. Rfd1 Ne6 14. Bxf6 Bxf6 15. Rac1 Kg7 16. c5 Nxc5 {½-½ (31) Erdos,V (2628)-Amin,B (2680) Tbilisi 2017}) 12... h6 13. Bxf6 {LiveBook: 23 Games} Bxf6 14. Nd2 {[%cal Bf3d2,Bd2b3,Bb3c5][%mdl 32]} Bd8 15. Nb3 a5 $146 ({Find the theoretical novelty and annotate with similar games:} 15... Ne7 16. Nc5 c6 {1-0 (81) Druska,J (2466)-Krnan,T (2449) Slovakia 2015}) 16. Nc5 f5 17. Bxc6 bxc6 18. e4 Kf7 19. Nd7 {Threatening exf5.} Ke6 (19... Bg5 $11 {remains equal.}) 20. Nc5+ $2 (20. exf5+ $16 Kxf5 21. Nxe5 $1 {[%mdl 512]}) 20... Kf7 $11 21. Nd7 $2 (21. exf5 $11 Bxf5 22. N3e4) 21... Ke6 $18 22. Nc5+ $2 ({White has to play} 22. exf5+ $18 Kxf5 {[#]} 23. Nxe5 $1 {[%mdl 512]}) 22... Kf7 $11 23. Nd7 {Precision: White = 61%, Black = 44%.} 1/2-1/2

[Event "20th Dubai Open 2018"]
[Site "Dubai"]
[Date "2018.04.07"]
[Round "6"]
[White "Darini, Pouria"]
[Black "Dhulipalla, Bala Chandra Prasad"]
[Result "0-1"]
[WhiteElo "2478"]
[BlackElo "2294"]
[Annotator "TA"]
[PlyCount "60"]
[EventDate "2018.??.??"]
[EventType "swiss"]
[EventCountry "UAE"]
[SourceTitle "playchess.com"]
[Source "ChessBase"]
[SourceQuality "1"]

{[%evp 18,60,6,0,12,0,0,0,22,-21,-13,-16,51,50,45,50,76,62,74,71,91,91,97,52,57,61,50,38,67,40,32,0,53,0,37,0,13,0,29,-599,-599,-599,-584,-905,-893]} 1. e4 e5 2. Nc3 Nf6 3. g3 d5 4. exd5 Nxd5 5. Bg2 Nxc3 6. bxc3 Nc6 7. Nf3 Bc5 8. O-O O-O 9. d3 Bb6 {C47: Scotch Four Knights and Four Knights with 4 g3} 10. a4 {LiveBook: 4 Games} Re8 11. Rb1 $146 ({Predecessor:} 11. Re1 a6 12. Be3 Ba5 13. Bd2 h6 14. Rb1 Bb6 15. Be3 Ba5 16. Bd2 Bb6 17. Nh4 {1-0 (31) Mamedyarov,S (2757)-Leko,P (2731) Sochi 2014}) 11... f6 {The position is equal.} 12. Nd2 Be6 13. Ba3 Qd7 14. Nb3 Na5 ({Black should try} 14... Bh3 $11) 15. Nxa5 $14 Bxa5 16. Bxb7 {Hoping for Qf3.} Rab8 {[#]} 17. Qf3 $1 {Strongly threatening Bc6.} Qxa4 18. Bb4 Bb6 19. Bc6 Qxc2 20. Rbc1 Qd2 21. Bxe8 Rxe8 22. Rcd1 Qb2 23. Rb1 $40 {[%mdl 128] White mounts an attack.} (23. Bc5 $5) 23... Qc2 24. Rbc1 (24. d4 $5) 24... Qd2 (24... Qa4 $11) 25. Rcd1 Qb2 26. Ra1 Rd8 $1 27. Ba5 Bd5 (27... e4 $5 28. dxe4 Bxf2+ 29. Kh1 (29. Qxf2 Rd2 $11) 29... Bc5 $11) 28. Qf5 $2 {[%mdl 8192] [#]} (28. Qd1 $1 $11) 28... g6 $1 $19 {[%cal Rg6f5] Black is clearly winning.} 29. Qxf6 Rf8 30. Rab1 Qe2 {Precision: White = 31%, Black = 45%.} ({Stronger than} 30... Rxf6 31. Rxb2 Bxa5 32. Rb5 $16) 0-1

[Event "20th Dubai Open 2018"]
[Site "Dubai"]
[Date "2018.04.07"]
[Round "6"]
[White "Chakravarthi Reddy, M."]
[Black "Nyazi, Nehad"]
[Result "1-0"]
[WhiteElo "2442"]
[BlackElo "2213"]
[Annotator "TA"]
[PlyCount "75"]
[EventDate "2018.??.??"]
[EventType "swiss"]
[EventCountry "UAE"]
[SourceTitle "playchess.com"]
[Source "ChessBase"]
[SourceQuality "1"]

{[%evp 26,75,58,19,78,22,23,29,33,0,24,0,47,47,39,57,65,67,68,68,68,62,68,66,77,76,78,82,82,61,82,68,54,54,133,126,125,116,156,158,298,279,296,286,406,406,474,400,467,453,437,433]} 1. d4 Nf6 2. c4 g6 3. g3 Bg7 4. Bg2 O-O 5. Nc3 c5 6. d5 d6 7. Nf3 a6 8. O-O b5 9. cxb5 axb5 10. Nxb5 Ba6 11. Nc3 Nbd7 {[%cal Bb8d7,Bd7b6,Bb6c4][%mdl 32]} 12. Qc2 Qa5 13. Bd2 Rfb8 {A58: Benko/Volga Gambit: Lines with 5 bxa6} 14. Rfd1 {LiveBook: 15 Games} Qd8 (14... Ng4 $11 {keeps the balance.}) 15. Rab1 (15. b3 $16) 15... Nb6 {The position is equal.} 16. e4 Nc4 17. Be1 $146 ({Find the theoretical novelty and annotate with similar games:} 17. Bf1 Nxd2 18. Nxd2 Bxf1 19. Rxf1 Nd7 20. Kg2 Qa5 21. a3 Bxc3 22. Nc4 {½-½ (47) Grigorov,G (2460)-Vafiadis,K (2246) Thessaloniki 2007}) 17... Ng4 18. a4 Qb6 {[%cal Rc4b2]} 19. h3 Nge5 20. Nxe5 $1 Bxe5 21. Nb5 $1 Nxb2 22. Rxb2 Bxb2 23. Qxb2 {Threatens to win with Bf1.} Bxb5 24. axb5 Qxb5 25. Qxb5 Rxb5 26. e5 Rb3 27. Kf1 Ra2 28. exd6 exd6 29. Be4 c4 (29... g5 $14) 30. Rc1 $16 f5 31. Bc2 Rb5 {[#]} 32. Bd1 $1 Rxd5 {[#]} (32... Rbb2 $16 33. Rxc4 Rb1) 33. Be2 $1 $18 {[%cal Re2c4]} Rxe2 34. Kxe2 Rd4 (34... Re5+ $142 35. Kf1 Rc5) 35. Bd2 d5 36. Be3 Rd3 37. Rd1 d4 38. Bxd4 {Precision: White = 71%, Black = 21%.} 1-0

[Event "20th Dubai Open 2018"]
[Site "Dubai"]
[Date "2018.04.07"]
[Round "6"]
[White "Haria, Ravi"]
[Black "Berezina, Irina"]
[Result "1-0"]
[WhiteElo "2441"]
[BlackElo "2082"]
[Annotator "TA"]
[PlyCount "67"]
[EventDate "2018.??.??"]
[EventType "swiss"]
[EventCountry "UAE"]
[SourceTitle "playchess.com"]
[Source "ChessBase"]
[SourceQuality "1"]

{[%evp 15,67,20,32,26,32,16,22,31,31,15,19,-4,43,30,34,44,98,93,109,103,134,154,158,104,113,81,111,81,143,139,138,139,176,176,194,195,358,252,225,226,387,412,398,385,398,215,222,227,619,622,622,610,591,578]} 1. Nf3 Nf6 2. g3 g6 3. Bg2 Bg7 4. O-O O-O 5. d4 d6 6. c4 Nc6 7. Nc3 a6 8. Qc2 Bg4 {LiveBook: 3 Games. E63: King's Indian: Fianchetto: Panno Variation with 7...a6} 9. Rd1 Qc8 10. b3 $146 ({Predecessor:} 10. Be3 Nd7 11. Rac1 e5 12. dxe5 Bxf3 13. exf3 Ndxe5 14. Nd5 Nd7 15. b4 Nf6 16. a3 {½-½ (94) Gdanski,J (2533)-Chojnacki,K (2436) Warsaw 2012}) 10... e5 {The position is equal.} 11. dxe5 dxe5 12. Bg5 Bf5 13. Qc1 Re8 14. Ne1 e4 15. Nc2 Ng4 {[#]} (15... Nh5 $14 16. Ne3 Be6) 16. Nd5 $1 $16 {h3 is the strong threat.} f6 17. Bd2 Nge5 18. Bc3 Ne7 19. Nde3 (19. Nf4 $142) 19... c6 20. Qb2 Bh6 21. Rd6 Nf7 (21... Be6 $142) 22. Rd2 Ne5 23. Rad1 Qc7 24. c5 a5 25. Rd6 Nd5 $2 (25... Nf7 {might work better.} 26. Bxf6 Nd5) 26. Nxd5 cxd5 {[#]} 27. Nd4 $1 {[%cal Rd4f5]} ({Don't take} 27. R6xd5 $6 Qf7 $16) ({Resist} 27. Rxf6 $6 Ng4 $16) 27... Bf8 $2 (27... Bd7) 28. Nxf5 $18 gxf5 29. Rxf6 Bg7 30. Rd6 (30. Rxf5 $142 Rad8 31. Qd2) 30... Qxc5 31. R1xd5 Nd3 $2 (31... Nf3+ 32. exf3 Qxc3 33. Qxc3 Bxc3 34. Rxf5 e3 35. fxe3 Rxe3) 32. Rxc5 {White is clearly winning.} ({Not} 32. Rxd3 exd3 33. Rxd3 (33. Bd5+ $2 Qxd5 34. Rxd5 dxe2 $19) 33... Qc7 $16) 32... Nxb2 33. Bxg7 Kxg7 34. Rc2 {Precision: White = 63%, Black = 32%.} 1-0

[Event "20th Dubai Open 2018"]
[Site "Dubai"]
[Date "2018.04.07"]
[Round "6"]
[White "Sundararajan, Kidambi"]
[Black "Can, Emre"]
[Result "0-1"]
[WhiteElo "2436"]
[BlackElo "2590"]
[Annotator "TA"]
[PlyCount "120"]
[EventDate "2018.??.??"]
[EventType "swiss"]
[EventCountry "UAE"]
[SourceTitle "playchess.com"]
[Source "ChessBase"]
[SourceQuality "1"]

{[%evp 25,120,45,49,43,48,46,56,59,74,45,57,14,21,-19,-17,-10,-4,-25,-16,-10,0,-89,-27,-113,-135,-160,-153,-193,-25,-29,0,-91,-89,-61,-25,-60,-56,-61,-92,-70,-59,-68,-69,-82,-103,-126,0,0,0,0,0,0,0,0,0,0,0,0,0,0,0,0,0,0,0,0,0,0,0,0,0,-81,0,0,0,0,0,-8,-8,-8,-8,-774,-735,-1706,-1664,-1511,-2183,-29988,-29989,-29989,-29990,-29992,-29992,-29994,-29995,-29995,-29996]} 1. d4 Nf6 2. c4 c5 3. d5 e6 4. Nc3 exd5 5. cxd5 d6 6. Nf3 g6 7. Nd2 Bg7 8. e4 O-O 9. Be2 Ne8 {A72: Modern Benoni: Classical: Lines with Bg5} (9... Re8 10. O-O Na6 11. Kh1 Nc7 12. f3 Nd7 13. a4 b6 14. Nc4 Ne5 15. Bf4 Nxc4 16. Bxc4 a6 17. Qe1 h5 18. h4 Rb8 19. Qg3 Bf8 20. Rfe1 b5 21. e5 dxe5 22. Rxe5 {1-0 (46) Eljanov,P (2739)-Salem,A (2638) Geneva 2017}) 10. O-O f5 11. exf5 Bxf5 12. Nde4 Na6 13. Bg5 Nf6 {LiveBook: 4 Games} 14. Ng3 Bd7 15. Qd2 {[#]} Nc7 $146 ({Predecessor:} 15... Qb6 16. h3 Rae8 17. Rae1 {½-½ (33) Kozul,Z (2616)-Cvitan,O (2527) Sibenik 2012}) 16. h4 Be8 17. h5 Qd7 {[%cal Rg6h5]} 18. hxg6 Bxg6 19. Bd3 b5 {[%cal Bb7b5,Bb5b4][%mdl 32]} 20. Bxg6 hxg6 21. Qd3 b4 22. Nce2 Qf7 23. Bxf6 (23. Nf4 $11) 23... Qxf6 (23... Bxf6 $17 24. Ne4 Bxb2 25. Nxd6 Qh7) 24. Ne4 (24. a3 $11) 24... Qxb2 $17 25. Nxd6 Qe5 $1 {[%cal Re5d6]} 26. Ne4 Rae8 $2 ({Inferior is} 26... Nxd5 27. Rac1 $11) (26... Qxd5 $19 27. Qxd5+ Nxd5) 27. N4g3 $11 Nxd5 28. Qxg6 (28. Rad1 $11 Nb6 29. Qxg6) 28... Re6 $17 29. Qg4 Rff6 30. Rad1 {[#]} Ne3 $1 {[%cal Re3g4][%mdl 512]} 31. fxe3 Qxe3+ 32. Kh1 Rh6+ 33. Nh5 Rxh5+ $1 34. Qxh5 {Threatening mate with Rd8+.} Rh6 {[%cal Rh6h5]} 35. Nf4 ({Wrong is} 35. Rd8+ $2 Kh7 $19) 35... Rxh5+ (35... Qe7 $17 36. Qxh6 Bxh6) 36. Nxh5 $11 Bd4 {Strongly threatening ...Qe2.} 37. Rde1 $1 {[%cal Re1e3]} Qg5 {[%cal Rg5h5]} 38. Re8+ Kh7 {[%cal Rg5h5]} 39. Rf7+ Kh6 {[%cal Rg5h5]} (39... Kg6 $5 40. Rg8+ $8 Kxh5 41. Rxg5+ Kxg5 $11) 40. Nf4 Qh4+ 41. Nh3 Qg4 42. Nf4 {Hoping for Re6+.} Qh4+ (42... b3 $5 43. Re6+ $8 Qxe6 $1 {[%mdl 512]} 44. Nxe6 bxa2 45. Rxa7 a1=Q+ 46. Rxa1 Bxa1 $11) 43. Nh3 Kg6 44. Rf4 Qh5 45. Re6+ Kg7 46. Re7+ Kg8 47. Rfe4 a5 48. Kh2 {[#]} (48. Re8+ $11 {remains equal.} Kg7 49. R4e7+ Kf6 50. Re6+ Kf5 51. Re4 Qd1+ 52. Kh2) 48... a4 (48... Bf6 $1 $17 {[%cal Rf6e7]} 49. Ra7 Be5+ 50. g3 Qf5) 49. g4 Qd5 50. Re8+ Kh7 51. R8e7+ Bg7 {Threatens to win with ...a3.} 52. Kg3 $1 a3 53. Kh4 $2 {[%mdl 8192]} (53. Ra7 $11 Qxa2 54. Ng5+ Kg6 55. Re6+ Bf6 56. Raa6 Qb3+ 57. Kf4 Qc4+ 58. Ne4 Qf1+ 59. Kg3 Qg1+ 60. Kf3 Qd1+ 61. Kf2 Qc2+ 62. Kg3 Qd3+ 63. Kf2 Qc2+ 64. Kg3 Qd3+ 65. Kf4 Qf1+ 66. Kg3 Qg1+ 67. Kf3 Qd1+ 68. Kf2 Qc2+) 53... Qxa2 $19 54. Kh5 Qh2 55. Re3 a2 56. g5 a1=Q {Black mates.} 57. g6+ Kg8 58. Re8+ Bf8 59. Rf3 Qh8+ 60. Kg4 Qg2+ {Precision: White = 46%, Black = 66%.} 0-1